Agresor sexual : (Record no. 149386)
[ view plain ]
| 000 -CABECERA | |
|---|---|
| campo de control de longitud fija | 00774nam a2200265 u 4500 |
| 003 - IDENTIFICADOR DEL NÚMERO DE CONTROL | |
| campo de control | MX-MxUPN |
| 005 - FECHA Y HORA DE LA ÚLTIMA TRANSACCIÓN | |
| campo de control | 20241211150220.0 |
| 008 - ELEMENTOS DE LONGITUD FIJA--INFORMACIÓN GENERAL | |
| campo de control de longitud fija | 100811s2003 sp gr 001 0 spa d |
| 020 ## - NÚMERO INTERNACIONAL NORMALIZADO PARA LIBROS | |
| Número Internacional Estándar del Libro | 849727055X |
| 035 ## - NÚMERO DE CONTROL DEL SISTEMA | |
| Número de control de sistema | UPN01000177283 |
| 040 ## - FUENTE DE LA CATALOGACIÓN | |
| Centro catalogador/agencia de origen | MX-MxUPN |
| Lengua de catalogación | spa |
| 041 ## - CÓDIGO DE IDIOMA | |
| Código de lengua del texto/banda sonora o título independiente | spa |
| 050 #4 - SIGNATURA TOPOGRÁFICA DE LA BIBLIOTECA DEL CONGRESO | |
| Número de clasificación | HV6593 E5 |
| Número de documento/Ítem | U7.2 |
| 100 1# - ASIENTO PRINCIPAL--NOMBRE PERSONAL | |
| Nombre de persona | Urra Portillo, Javier |
| 9 (RLIN) | 47000 |
| 245 10 - MENCIÓN DE TÍTULO | |
| Título | Agresor sexual : |
| Resto del título | casos reales riesgo de reincidencia |
| 260 ## - PUBLICACIÓN, DISTRIBUCIÓN, ETC. | |
| Lugar de publicación, distribución, etc. | Madrid : |
| Nombre del editor, distribuidor, etc. | Editorial EOS, |
| Fecha de publicación, distribución, etc. | 2003. |
| 300 ## - DESCRIPCIÓN FÍSICA | |
| Extensión | 379 páginas |
| 490 0# - MENCIÓN DE SERIE | |
| Mención de serie | Colección psicología |
| 504 ## - NOTA DE BIBLIOGRAFÍA, ETC. | |
| Nota de bibliografía, etc. | Incluye índices |
| 650 #0 - ASIENTO SECUNDARIO DE MATERIA - TERMINO TEMATICO | |
| Término de materia o nombre geográfico como elemento de entrada | Delitos sexuales |
| Subdivisión geográfica | España |
| Subdivisión general | Aspectos psicológicos |
| 9 (RLIN) | 16318 |
| 650 #7 - ASIENTO SECUNDARIO DE MATERIA - TERMINO TEMATICO | |
| Término de materia o nombre geográfico como elemento de entrada | Delitos sexuales |
| 9 (RLIN) | 7343 |
| 650 #2 - ASIENTO SECUNDARIO DE MATERIA - TERMINO TEMATICO | |
| Término de materia o nombre geográfico como elemento de entrada | Delincuentes sexuales |
| 9 (RLIN) | 16317 |
| 905 ## - TIPO DE MATERIAL | |
| Tipo de material | Libro |
| 942 ## - ELEMENTOS DE PUNTO DE ACCESO ADICIONAL (KOHA) | |
| Fuente del sistema de clasificación o colocación | Library of Congress Classification |
| Tipo de ítem Koha | Libro |
| Suprimir en OPAC | No |
| Estado de retiro | Estado de pérdida | Fuente del sistema de clasificación o colocación | Estado dañado | No para préstamo | Código de colección | Localización permanente | Ubicación/localización actual | Ubicación en estantería | Fecha de adquisición | Total de préstamos | Clasificación | Código de barras | Fecha visto por última vez | Fecha del último préstamo | Número de copia | Tipo de ítem Koha |
|---|---|---|---|---|---|---|---|---|---|---|---|---|---|---|---|---|
| Library of Congress Classification | Colección General | Bib. Gregorio Torres Quintero | Bib. Gregorio Torres Quintero | Planta baja | 23/08/2023 | 9 | HV6593 E5 U7.2 | 275237 | 06/09/2023 | 23/08/2023 | 1 | Libro | ||||
| Library of Congress Classification | Colección General | Bib. Gregorio Torres Quintero | Bib. Gregorio Torres Quintero | Planta baja | 08/11/2022 | 9 | HV6593 E5 U7.2 | 275236 | 23/11/2022 | 08/11/2022 | Libro | |||||
| Library of Congress Classification | Colección General | Bib. Gregorio Torres Quintero | Bib. Gregorio Torres Quintero | Planta baja | 9 | HV6593 E5 U7.2 | 275238 | 31/12/2020 | 1 | Libro |
